| 000 | 00818cam a2200241 4500 | ||
|---|---|---|---|
| 001 | sa 68014693 | ||
| 003 | DLC | ||
| 005 | 20260227112634.0 | ||
| 008 | 700219s1968 ii k 001 0 eng | ||
| 010 | _asa 68014693 | ||
| 025 | _aPL480:I-E-10930 | ||
| 040 |
_aDLC _cDLC _dDLC |
||
| 050 | 0 | 0 |
_aKNT8801.2.A311963 _bN37 1968 |
| 082 | 0 | 0 | _a340 |
| 110 | 1 |
_aKerala, India (State). _kLaws, statutes, etc. |
|
| 245 | 1 | 4 |
_aThe Kerala general sales tax act, 1963 _b(Act 15 of 1963 as amended by Acts 21 of 1963, 5 of 1967, 16 of 1967 and 3 of 1968) ... a commentary _cby K. K. Narendran. |
| 250 | _a[2d ed.] | ||
| 260 |
_aErnakulam, _bSouthern Book Co. _c[1968] |
||
| 300 |
_a263, 68 p. _bforms. _c26 cm. |
||
| 350 | _a11.00 | ||
| 650 | 0 |
_aSales tax _xLaw and legislation _zIndia _zKerala. |
|
| 700 | 1 |
_aNarendran, K. K., _eed. |
|
| 999 |
_c85967 _d85967 |
||